000 00811 a2200229 4500
020 _a0470851023
020 _a0471619515
040 _aDLC
_bDLC
082 0 0 _a629.474
245 0 0 _aSpacecraft systems engineering
_cedited by Peter Fortescue, John Stark, Graham Swinerd
250 _a3rd ed.
260 _aNew York :
_bJ. Wiley,
_cc2003.
300 _axxvi, 678 p. :
_bill. ;
_c25 cm.
650 0 _aSpace vehicles
_xDesign and construction.
650 0 _aAstronautics
_xSystems engineering.
700 1 _aFortescue, Peter W.
700 1 _aStark, John.
700 1 _aSwinerd, Graham.
856 4 1 _3Table of contents
_uhttp://www.loc.gov/catdir/toc/wiley041/2002028089.html
856 4 1 _3Publisher description
_uhttp://www.loc.gov/catdir/description/wiley039/2002028089.html
942 _cBK
_k629.474 FOR
_2ddc
999 _c8635
_d8635